| 000 | 01172nam a22002055i 4500 | ||
|---|---|---|---|
| 001 | 160521 | ||
| 003 | ES-MaACL | ||
| 005 | 20250824064419.0 | ||
| 008 | 000203s1847 sp |||| | spa d | ||
| 040 |
_aCAM _bspa _cCAM |
||
| 100 | 1 |
_aNavarrete, Ramón de, _d1818-1897 _985042 |
|
| 245 | 1 | 0 |
_aPor no esplicarse [sic]... _b: comedia en un acto / _carreglada á la escena española por Ramón de Navarrete. |
| 260 |
_aMadrid : _b[Manuel Delgado : _bLibrerías de Cuesta y Ríos], _c1847 ( _fImprenta de Repullés) |
||
| 300 |
_a31 p. ; _c17 cm. |
||
| 490 | 1 | _aGaleria dramática: colección de las mejores obras del teatro antiguo y moderno español y del estrangero | |
| 500 | _aEn port.: Estrenada en el Teatro del Príncipe, y á beneficio de Doña Matilde Diez, el 17 de diciembre de 1846. | ||
| 830 | 0 | 0 |
_aGalería dramática: colección de las mejores obras del teatro antiguo y moderno español y estrangero por los principales autores _9242028 |
| 852 |
_aES-MaACL _jF-8642(3) _z-- Enc. hol. _q-- Falto de la cub. original _z-- Enc. en un vol. facticio formando parte de la col. facticia "Teatro español moderno" v. 99 |
||
| 999 |
_c160521 _d160521 |
||